000 00695cab a2200253 4500
001 X1304
008 090401t1994 xxu||||| |||| 00| 0 eng d
035 _a(Sirsi) u16101
041 _aeng
245 _aMembers` PI insurance developments
260 _c1994
350 _a0
490 _aCSM (Chartered Surveyor Monthly)
_v3(6) March 1994, 3(1)
650 _aPROFESSIONAL INDEMNITY INSURANCE
650 _aPROFESSIONAL INDEMNITY INSURANCE
650 _aRICS INSURANCE SERVICES
650 _aRICS
650 _aRICSIS
650 _aUNDERWRITNG
690 _aINSURANCE
_96249
690 _aMANAGEMENT-BUSINESS MANAGEMENT-PROFESSIONAL PRACTICE
942 _n0
948 _c04/03/1997
999 _c10586
_d10586